[Event "Paracin 2018"]
[Site "Paracin"]
[Date "2018.07.10"]
[Round "5.4"]
[White "Stankovic, Milos"]
[Black "Petrov, Martin"]
[Result "0-1"]
[WhiteElo "2420"]
[BlackElo "2441"]
[PlyCount "80"]
[EventDate "2018.??.??"]

1. e4 c5 2. Nc3 g6 3. Nge2 Bg7 4. g3 Nc6 5. Bg2 e6 6. d3 Nge7 7. Be3 Nd4 8. Qd2
O-O 9. Nc1 b6 10. Nd1 d5 11. c3 Ndc6 12. Bh6 Bxh6 13. Qxh6 Ba6 14. O-O Ne5 15.
exd5 Nxd3 16. Nxd3 Bxd3 17. Re1 Nxd5 18. c4 Bxc4 19. Re4 Bd3 20. Rh4 g5 21. Rg4
f6 22. h4 Bf5 23. Rc4 Qe7 24. b4 Rac8 25. Rac1 Bd3 26. Rg4 Be2 27. Re4 Bxd1 28.
hxg5 Ba4 29. Rce1 Nc7 30. g6 Qg7 31. gxh7+ Kh8 32. Qh3 f5 33. Rh4 Bd7 34. bxc5
bxc5 35. g4 Nd5 36. gxf5 Rxf5 37. Rg4 Rg5 38. Rxg5 Qxg5 39. Rd1 Nf4 40. Qc3+ e5
0-1

[Event "Paracin 2018"]
[Site "Paracin"]
[Date "2018.07.10"]
[Round "5.6"]
[White "Radovanovic, Mihajlo"]
[Black "Perunovic, Milos"]
[Result "1/2-1/2"]
[WhiteElo "2402"]
[BlackElo "2596"]
[PlyCount "86"]
[EventDate "2018.??.??"]

1. Nf3 c5 2. g3 Nc6 3. Bg2 e5 4. O-O g6 5. c4 Bg7 6. Nc3 Nge7 7. a3 O-O 8. Rb1
a5 9. Ne1 d6 10. Nc2 a4 11. d3 Nd4 12. Ne3 Ra7 13. Re1 Bd7 14. Ned5 Nxd5 15.
Bxd5 Kh8 16. e3 Nb3 17. Nb5 Bxb5 18. cxb5 Qa5 19. Bc4 f5 20. Re2 Nxc1 21. Qxc1
f4 22. e4 Qd8 23. Be6 h5 24. Qf1 Qe8 25. Qh3 b6 26. Bc4 Rf6 27. g4 g5 28. gxh5
f3 29. Ree1 Bf8 30. Qg4 Rh7 31. h3 Rxh5 32. Kh2 Rf4 33. Qe6 Be7 34. Rg1 Rf6 35.
Qg4 Rf4 36. Qe6 Rfh4 37. Rg3 Rh6 38. Qf7 Qxf7 39. Bxf7 g4 40. Rh1 Rxh3+ 41.
Rxh3 Rxh3+ 42. Kg1 Rxh1+ 43. Kxh1 Bh4 1/2-1/2

[Event "Paracin 2018"]
[Site "Paracin"]
[Date "2018.07.10"]
[Round "5.14"]
[White "Gomes, Mary Ann"]
[Black "Radovanovic, Nikola"]
[Result "1/2-1/2"]
[WhiteElo "2284"]
[BlackElo "2425"]
[PlyCount "40"]
[EventDate "2018.??.??"]

1. e4 e5 2. Nf3 Nc6 3. Bb5 a6 4. Ba4 Nf6 5. O-O Be7 6. Re1 d6 7. c3 Bg4 8. d3
Nd7 9. Nbd2 Nc5 10. Bc2 Ne6 11. Nf1 Ng5 12. Bxg5 Bxg5 13. h3 Bh5 14. Ng3 Bxf3
15. Qxf3 g6 16. Ba4 O-O 17. Bxc6 bxc6 18. d4 Qe7 19. Qd3 Rfb8 20. b3 Qe6
1/2-1/2

[Event "Paracin 2018"]
[Site "Paracin"]
[Date "2018.07.10"]
[Round "5.16"]
[White "Savic, Miodrag R"]
[Black "Milosevic, Milos"]
[Result "1-0"]
[WhiteElo "2541"]
[BlackElo "2315"]
[PlyCount "59"]
[EventDate "2018.??.??"]

1. e4 c5 2. c3 d5 3. exd5 Qxd5 4. Nf3 Nc6 5. Na3 Nf6 6. Be2 e6 7. O-O Qd8 8.
Qb3 Be7 9. Rd1 a6 10. d4 Qc7 11. Nc4 b5 12. Nce5 Nxe5 13. dxe5 Nd7 14. c4 Nb6
15. cxb5 c4 16. Qe3 axb5 17. Nd4 Bd7 18. Qg3 Kf8 19. Bf3 Rc8 20. Bf4 Qa7 21.
Be3 Qb8 22. Ne2 Be8 23. Nf4 g6 24. Bg4 h5 25. Bxe6 g5 26. Nd5 fxe6 27. Qf3+ Kg7
28. Nxe7 Rf8 29. Qg3 g4 30. Bxb6 1-0

[Event "Paracin 2018"]
[Site "Paracin, Hotel Petrus"]
[Date "2018.07.10"]
[Round "5.31"]
[White "Trifunovic, Miroljub"]
[Black "Mcphillips, Joseph"]
[Result "0-1"]
[WhiteElo "2198"]
[BlackElo "2402"]
[PlyCount "78"]
[EventDate "2018.07.06"]

1. d4 b5 2. e4 Bb7 3. Nd2 a6 4. Ngf3 e6 5. Bd3 c5 6. dxc5 Bxc5 7. O-O Qc7 8.
Qe2 Nc6 9. c3 Nf6 10. h3 Bb6 11. Kh1 Nh5 12. Nb3 Nf4 13. Bxf4 Qxf4 14. a4 bxa4
15. Rxa4 a5 16. Rfa1 Qb8 17. e5 g5 18. Nbd4 g4 19. hxg4 Nxd4 20. Nxd4 Bc7 21.
Re1 Qd8 22. Be4 Bxe5 23. Nf3 Bxe4 24. Qxe4 Bc7 25. c4 Rb8 26. Qd4 Rg8 27. Kg1
d6 28. Re2 Qd7 29. Ra3 Qc6 30. b3 h6 31. Nd2 Kf8 32. Qf4 Rg6 33. Qe4 d5 34.
cxd5 Qc1+ 35. Nf1 Qxa3 36. Qc4 Qd6 37. dxe6 Rxe6 38. Rd2 Qc6 39. Qd4 Kg8 0-1

[Event "Paracin 2018"]
[Site "Paracin, Hotel Petrus"]
[Date "2018.07.10"]
[Round "5.32"]
[White "Radovic, Luka"]
[Black "Ninov, Dayan"]
[Result "1-0"]
[WhiteElo "2344"]
[BlackElo "2229"]
[PlyCount "73"]
[EventDate "2018.07.06"]

1. Nf3 d5 2. c4 c6 3. b3 Nf6 4. Bb2 Bf5 5. g3 e6 6. Bg2 a5 7. d3 a4 8. Nbd2 h6
9. cxd5 cxd5 10. O-O a3 11. Bxf6 Qxf6 12. e4 Bg4 13. h3 Bxf3 14. Bxf3 Bb4 15.
Bg2 Bxd2 16. Qxd2 dxe4 17. Bxe4 Qe7 18. d4 O-O 19. d5 exd5 20. Qxd5 Nc6 21. Qf5
g6 22. Qf4 Kg7 23. Bxc6 bxc6 24. Rfe1 Qf6 25. Qxf6+ Kxf6 26. Rac1 Ra6 27. Rc4
Rd8 28. Rf4+ Kg7 29. Re7 Rf8 30. Rc7 g5 31. Rd4 Rb8 32. Rd3 Kg6 33. Rd6+ f6 34.
Rcxc6 Rxc6 35. Rxc6 Ra8 36. g4 Ra7 37. Kf1 1-0

[Event "Paracin 2018"]
[Site "Paracin, Hotel Petrus"]
[Date "2018.07.10"]
[Round "5.33"]
[White "Vujacic, Borivoje"]
[Black "Eric, Jovana"]
[Result "1-0"]
[WhiteElo "2213"]
[BlackElo "2342"]
[PlyCount "131"]
[EventDate "2018.07.06"]

1. e4 g6 2. d4 Bg7 3. Nc3 d6 4. Be3 a6 5. a4 Nf6 6. h3 Nc6 7. Nf3 O-O 8. Qd2 e5
9. dxe5 dxe5 10. Bc4 Qe7 11. O-O Be6 12. Qe2 Rfe8 13. Bxe6 Qxe6 14. Rfd1 Nb4
15. Rd2 Qc6 16. Bg5 h6 17. Bxf6 Bxf6 18. Nd5 Nxd5 19. Rxd5 Rad8 20. c4 Bg7 21.
Qd3 Rxd5 22. cxd5 Qb6 23. b3 Bf8 24. Rc1 Bc5 25. Qc2 Bd6 26. Nd2 Qd4 27. Nc4
Bb4 28. Ne3 Rc8 29. Rd1 Qc3 30. Qb1 h5 31. Rd3 Qe1+ 32. Qxe1 Bxe1 33. Nc4 Re8
34. d6 cxd6 35. Rxd6 b5 36. axb5 axb5 37. Ne3 Rb8 38. Nd5 Kg7 39. Kf1 Bd2 40.
Ke2 Bg5 41. Rb6 Rxb6 42. Nxb6 Kf6 43. Nd5+ Ke6 44. Nc3 Kd6 45. Nxb5+ Kc5 46.
Na3 Kb4 47. Nc4 f6 48. Nb6 Kxb3 49. Nd7 Kc3 50. Nf8 Kd4 51. Kf3 Kc5 52. Nxg6
Kd6 53. h4 Bh6 54. g4 hxg4+ 55. Kxg4 Ke6 56. h5 Bg5 57. Nf8+ Kf7 58. Nh7 Bh6
59. Kf5 Bg7 60. h6 Bh8 61. f3 Ke7 62. Kg6 Ke6 63. Nf8+ Ke7 64. Kh7 Kxf8 65.
Kxh8 Kf7 66. Kh7 1-0

[Event "Paracin 2018"]
[Site "Paracin, Hotel Petrus"]
[Date "2018.07.10"]
[Round "5.34"]
[White "Vaishali, R."]
[Black "Bratkovic, Sham"]
[Result "0-1"]
[WhiteElo "2337"]
[BlackElo "2190"]
[PlyCount "80"]
[EventDate "2018.07.06"]

1. Nf3 Nf6 2. g3 d5 3. Bg2 c6 4. O-O Bg4 5. c4 Nbd7 6. cxd5 cxd5 7. d4 e6 8.
Nc3 Bd6 9. Bf4 Bxf4 10. gxf4 O-O 11. Qb3 Ne4 12. Rad1 Nb6 13. Qc2 Rc8 14. Ne5
Bf5 15. Qb3 Nxc3 16. bxc3 Qh4 17. e3 Bh3 18. Bxh3 Qxh3 19. Rc1 f6 20. Nd3 f5
21. f3 Nc4 22. Rf2 b6 23. Qa4 Rc7 24. Re1 Rfc8 25. Kh1 Qh5 26. Qd1 Nd6 27. Rg1
Rxc3 28. Rg5 Qe8 29. Rfg2 R8c7 30. Qg1 Rxd3 31. Rxg7+ Rxg7 32. Rxg7+ Kh8 33.
Qg5 Rd1+ 34. Kg2 Qf8 35. Rd7 Nf7 36. Qh4 Qg7+ 37. Kh3 Rg1 38. Rd8+ Nxd8 39.
Qxd8+ Qg8 40. Qf6+ Rg7 0-1

[Event "Paracin 2018"]
[Site "Paracin, Hotel Petrus"]
[Date "2018.07.10"]
[Round "5.35"]
[White "Sylvan, Jacob"]
[Black "Uysal, Burak"]
[Result "1-0"]
[WhiteElo "2332"]
[BlackElo "2185"]
[PlyCount "101"]
[EventDate "2018.07.06"]

1. e4 e5 2. Nf3 Nc6 3. Bb5 a6 4. Ba4 Nf6 5. O-O Be7 6. Re1 b5 7. Bb3 d6 8. c3
O-O 9. h3 Nb8 10. d3 Nbd7 11. Nbd2 Bb7 12. Nf1 Re8 13. Ng3 Nc5 14. Bc2 Bf8 15.
b4 Ncd7 16. d4 exd4 17. cxd4 d5 18. e5 Ne4 19. a3 a5 20. bxa5 c5 21. Nxe4 dxe4
22. Bxe4 Bxe4 23. Rxe4 c4 24. Bd2 Nf6 25. Bg5 Qd5 26. Rh4 Ne4 27. Bd2 Be7 28.
Rg4 Nxd2 29. Qxd2 Bd8 30. Qh6 g6 31. Nd2 Rxa5 32. Ne4 Re6 33. Nf6+ Bxf6 34.
exf6 Rxf6 35. Rh4 Raa6 36. Qxh7+ Kf8 37. Qh8+ Ke7 38. Qb8 Rab6 39. Qc7+ Qd7 40.
Re1+ Rfe6 41. Qc5+ Kf6 42. Re3 Kg7 43. d5 Rxe3 44. fxe3 Qd6 45. Qd4+ Qf6 46.
Qe4 Rb8 47. Rf4 Qa1+ 48. Kf2 Qc3 49. d6 Kg8 50. Qe7 Rf8 51. d7 1-0

[Event "Paracin 2018"]
[Site "Paracin, Hotel Petrus"]
[Date "2018.07.10"]
[Round "5.36"]
[White "Peycheva, Gergana"]
[Black "Ozen, Bahadir"]
[Result "1-0"]
[WhiteElo "2157"]
[BlackElo "2317"]
[PlyCount "79"]
[EventDate "2018.07.06"]

1. d4 g6 2. c4 Bg7 3. Nc3 d6 4. e4 e5 5. d5 Nd7 6. Be3 Bh6 7. Bxh6 Nxh6 8. Qd2
Ng4 9. O-O-O a5 10. Kb1 Nc5 11. f3 Nf6 12. Bd3 h5 13. Nge2 Kf8 14. g3 Bh3 15.
Rhg1 Qe7 16. Rde1 Nxd3 17. Qxd3 Kg7 18. Nc1 Nd7 19. Qe3 Nc5 20. Re2 f5 21. exf5
Bxf5+ 22. Ka1 Rae8 23. Rge1 Qf7 24. Qd2 b6 25. Re3 Rhf8 26. h4 Bd7 27. Nd3 Nxd3
28. Qxd3 Kh8 29. Qe2 Bf5 30. Qg2 Qf6 31. g4 hxg4 32. fxg4 Bd7 33. Ne4 Qf4 34.
g5 Qf5 35. Qh1 Kg7 36. Nf6 Rd8 37. h5 Qxg5 38. Nxd7 Rxd7 39. hxg6 Qxg6 40. Rg1
1-0

[Event "Paracin 2018"]
[Site "Paracin, Hotel Petrus"]
[Date "2018.07.10"]
[Round "5.37"]
[White "Krstic, Milos"]
[Black "Olcum, Ahmet"]
[Result "1/2-1/2"]
[WhiteElo "2137"]
[BlackElo "2316"]
[PlyCount "105"]
[EventDate "2018.07.06"]

1. e4 d6 2. d4 Nf6 3. Nc3 g6 4. Be3 c6 5. f3 Nbd7 6. Qd2 b5 7. a4 b4 8. Nd1 a5
9. c3 Rb8 10. Bd3 e5 11. Ne2 d5 12. Nf2 bxc3 13. bxc3 c5 14. O-O cxd4 15. cxd4
Bb4 16. Qa2 dxe4 17. Nxe4 O-O 18. Bh6 exd4 19. Bxf8 Kxf8 20. Rfd1 Ne5 21. Rac1
Nxd3 22. Rxd3 Ba6 23. Rxd4 Qb6 24. Nxf6 Qxf6 25. Rf4 Qe7 26. Re4 Qa7+ 27. Kh1
Rd8 28. Qa1 Kg8 29. Rd1 Rc8 30. Qf6 Bf8 31. Rd8 Rxd8 32. Qxd8 Qf2 33. Qd1 Bc5
34. Ng3 Bd3 35. Re8+ Kg7 36. Ne4 Bxe4 37. Rxe4 h5 38. Re2 Qh4 39. Qa1+ Bd4 40.
Qd1 Qf6 41. Re4 Bc3 42. g3 Qb6 43. Qc2 Bf6 44. Kg2 h4 45. gxh4 Qd8 46. h5 gxh5
47. Qc5 Qd2+ 48. Qf2 Qd8 49. Qg3+ Kh7 50. Qf2 h4 51. Rc4 Kg7 52. Rg4+ Kh7 53.
Rc4 1/2-1/2

[Event "Paracin 2018"]
[Site "Paracin, Hotel Petrus"]
[Date "2018.07.10"]
[Round "5.38"]
[White "Pantelic, Sasa"]
[Black "Jigjidsuren, Purev"]
[Result "1-0"]
[WhiteElo "2316"]
[BlackElo "2183"]
[PlyCount "118"]
[EventDate "2018.07.06"]

1. d4 b6 2. c4 e6 3. Nf3 Bb7 4. g3 Nf6 5. Bg2 Be7 6. Nc3 O-O 7. O-O d6 8. Qc2
Nbd7 9. e4 c5 10. d5 exd5 11. cxd5 Re8 12. Re1 Bf8 13. Bf4 a6 14. a4 h6 15. e5
dxe5 16. Nxe5 Nxe5 17. Bxe5 Bd6 18. f4 c4 19. Bxf6 Qxf6 20. Ne4 Qg6 21. Qxc4
Rac8 22. Qb3 Bf8 23. Rad1 Kh8 24. Qf3 Bxd5 25. Rxd5 f5 26. Re5 fxe4 27. Qxe4
Qxe4 28. Bxe4 Bc5+ 29. Kg2 Bd4 30. Rxe8+ Rxe8 31. b3 g6 32. Kf3 Kg7 33. Rc1 Re6
34. Rc7+ Kf8 35. g4 g5 36. f5 Rd6 37. Bd3 a5 38. Bc4 Be5 39. Ke4 Bf6 40. Be6
Bb2 41. h3 Rd4+ 42. Ke3 Rd6 43. Rf7+ Ke8 44. Rh7 Rd1 45. Rxh6 Ke7 46. h4 gxh4
47. Rxh4 Kf6 48. Rh6+ Ke5 49. Kf3 Rd3+ 50. Ke2 Bc1 51. Rg6 Rd2+ 52. Ke1 Rh2 53.
Bc4 Rh6 54. Rg8 Bf4 55. Re8+ Kd4 56. Ke2 Bc1 57. Kf3 Rh3+ 58. Kg2 Rh6 59. Re7
Bf4 1-0

[Event "Paracin 2018"]
[Site "Paracin, Hotel Petrus"]
[Date "2018.07.10"]
[Round "5.39"]
[White "Mar, Karmen"]
[Black "Avalyan, Artur"]
[Result "0-1"]
[WhiteElo "2130"]
[BlackElo "2315"]
[PlyCount "170"]
[EventDate "2018.07.06"]

1. e4 e6 2. d4 d5 3. Nd2 c5 4. exd5 exd5 5. Ngf3 Nf6 6. Bb5+ Bd7 7. Bxd7+ Nbxd7
8. O-O Be7 9. dxc5 Nxc5 10. Re1 O-O 11. Nf1 Ne6 12. c3 Re8 13. Ng3 Qb6 14. Rb1
Bc5 15. Be3 Qa6 16. a3 Bxe3 17. Rxe3 Nc5 18. Nf5 g6 19. Rxe8+ Rxe8 20. Ne3 Qc6
21. Nd4 Qb6 22. Ne2 Nce4 23. Qd4 Qb3 24. f3 Nd6 25. Qxf6 Rxe3 26. Nd4 Qb6 27.
Rd1 Re6 28. Qh4 Nc4 29. Qf2 Re5 30. f4 Re4 31. b3 Ne3 32. Rc1 Ng4 33. Qd2 Qd6
34. h3 Nf6 35. f5 Qg3 36. fxg6 hxg6 37. Rf1 Qd6 38. Qg5 Nh7 39. Qh6 Qe7 40. Qd2
Qg5 41. Qc2 Qe3+ 42. Kh1 Ng5 43. Nf3 Ne6 44. Re1 Qf4 45. Rd1 Re3 46. Kg1 Qe4
47. Qxe4 dxe4 48. Ne5 Rxc3 49. Rd7 Rc7 50. Rd1 Rc5 51. Nd7 Rf5 52. Re1 Kg7 53.
Rxe4 Rd5 54. Ne5 Nc5 55. Re3 Rd1+ 56. Kh2 Rb1 57. Rc3 b6 58. Nc6 Rxb3 59. Rxb3
Nxb3 60. Nxa7 Nd4 61. Nc8 b5 62. Nb6 Kf6 63. Nd5+ Ke5 64. Nb4 Nf5 65. g3 Ne3
66. h4 f5 67. Kh3 Nd5 68. Nc6+ Ke4 69. Na5 Nf6 70. Nc6 Nd5 71. Na5 b4 72. Nb3
Nf6 73. Kg2 Ke3 74. Na5 Ne4 75. Nc4+ Ke2 76. Nb2 b3 77. Na4 Ke3 78. Nb2 Nxg3
79. Kxg3 f4+ 80. Kg4 f3 81. Nd1+ Kd2 82. Nf2 b2 83. Ne4+ Ke3 84. Nc3 f2 85.
Nd1+ Kd4 0-1

[Event "Paracin 2018"]
[Site "Paracin, Hotel Petrus"]
[Date "2018.07.10"]
[Round "5.40"]
[White "Sredojevic, Ivan"]
[Black "Ersahin, Bulent"]
[Result "1/2-1/2"]
[WhiteElo "2298"]
[BlackElo "2179"]
[PlyCount "51"]
[EventDate "2018.07.06"]

1. Nf3 Nf6 2. g3 g6 3. b3 Bg7 4. Bb2 O-O 5. Bg2 c5 6. c4 Nc6 7. O-O d6 8. e3
Rb8 9. Nc3 a6 10. d4 b5 11. cxb5 axb5 12. dxc5 dxc5 13. Qxd8 Rxd8 14. Rac1 Ba6
15. Ne2 c4 16. Ne5 Nb4 17. a3 Nd3 18. Nxd3 Rxd3 19. Nd4 Bb7 20. Bxb7 Rxb7 21.
bxc4 bxc4 22. Ba1 Rxa3 23. Rxc4 h6 24. Rc8+ Kh7 25. Nc6 Ne4 26. Bxg7 1/2-1/2

[Event "Paracin 2018"]
[Site "Paracin, Hotel Petrus"]
[Date "2018.07.10"]
[Round "5.41"]
[White "Eswaran, Ashritha"]
[Black "Sevgi, Volkan"]
[Result "1-0"]
[WhiteElo "2092"]
[BlackElo "2277"]
[PlyCount "81"]
[EventDate "2018.07.06"]

1. e4 g6 2. d4 Bg7 3. Nf3 d6 4. Nc3 Nd7 5. Be2 e5 6. O-O Ngf6 7. Re1 O-O 8. Bf1
Re8 9. h3 c6 10. a4 a5 11. dxe5 dxe5 12. Be3 Qc7 13. Bc4 b6 14. Qe2 Nf8 15.
Rad1 Ne6 16. Ng5 Nxg5 17. Bxg5 Nd7 18. Bxf7+ Kxf7 19. Qc4+ Kf8 20. Nb5 Ba6 21.
Nxc7 Bxc4 22. Rxd7 h6 23. Nxe8 Rxe8 24. Be3 b5 25. axb5 Bxb5 26. Bc5+ Kg8 27.
Red1 a4 28. Rb7 h5 29. Rd6 Kh7 30. Rdd7 Rg8 31. Bf8 Rxf8 32. Rxg7+ Kh6 33. h4
Rh8 34. g3 Ba6 35. Ra7 Be2 36. Rgc7 Bb5 37. f4 exf4 38. gxf4 Be2 39. Kf2 Bg4
40. f5 a3 41. bxa3 1-0

[Event "Paracin 2018"]
[Site "Paracin, Hotel Petrus"]
[Date "2018.07.10"]
[Round "5.42"]
[White "Terziev, Dimo"]
[Black "Popovic, Aleksandar M"]
[Result "1/2-1/2"]
[WhiteElo "2016"]
[BlackElo "2264"]
[PlyCount "73"]
[EventDate "2018.07.06"]

1. e4 g6 2. d4 Bg7 3. Nf3 d6 4. Nc3 c6 5. Be2 Nf6 6. O-O O-O 7. a4 Qc7 8. Bf4
Nh5 9. Be3 e5 10. d5 Bg4 11. Nd2 Bxe2 12. Qxe2 Nd7 13. Nc4 Nf4 14. Bxf4 exf4
15. dxc6 bxc6 16. Rfd1 Rab8 17. Rxd6 Ne5 18. Rad1 f3 19. gxf3 Nxc4 20. Qxc4
Rxb2 21. Ne2 Qa5 22. Ng3 Rb4 23. Qxc6 Rxa4 24. Rd7 Ra3 25. R7d3 Ra2 26. Kg2 Rb2
27. Rb3 Qa2 28. Rxb2 Bxb2 29. Qd5 Qa6 30. Qb3 Qa3 31. Rb1 Qxb3 32. cxb3 Bd4 33.
Ne2 Bb6 34. Nf4 Rc8 35. Nd5 Rc2 36. Nxb6 axb6 37. b4 1/2-1/2

[Event "Paracin 2018"]
[Site "Paracin, Hotel Petrus"]
[Date "2018.07.10"]
[Round "5.43"]
[White "Demirag, Gokhan"]
[Black "Cvetkovic, Srdjan"]
[Result "1-0"]
[WhiteElo "1855"]
[BlackElo "2262"]
[PlyCount "115"]
[EventDate "2018.07.06"]

1. e4 c5 2. Nf3 e6 3. d4 cxd4 4. Nxd4 Nc6 5. Nc3 a6 6. Nxc6 bxc6 7. Bd3 d5 8.
O-O Nf6 9. Qe2 Be7 10. b3 O-O 11. Bb2 d4 12. Na4 e5 13. c3 c5 14. h3 Bb7 15.
cxd4 cxd4 16. Rac1 Qa5 17. f4 Bd6 18. Qe1 Qxe1 19. Rfxe1 Rac8 20. fxe5 Bxe5 21.
Nc5 Rc7 22. Nxb7 Rxb7 23. Rc6 a5 24. Ra6 Nh5 25. Rxa5 f6 26. Bc4+ Kh8 27. Rd1
Rd7 28. Rd5 Ra7 29. Bxd4 Rxa2 30. Bxe5 fxe5 31. Rd8 Ra8 32. Rxf8+ Rxf8 33. Rd5
g6 34. Rxe5 Kg7 35. Re7+ Kf6 36. Rxh7 Ra8 37. Kf2 Ke5 38. Ke3 Ng3 39. Re7+ Kf6
40. Re6+ Kg5 41. Kf3 Nh5 42. g3 Rf8+ 43. Kg2 Ra8 44. Ra6 Rd8 45. h4+ Kh6 46.
Bd5 Kg7 47. b4 Rb8 48. Ra7+ Kf6 49. Kf3 Ke5 50. Re7+ Kd4 51. Rf7 Rc8 52. Kg2
Rc2+ 53. Rf2 Rc3 54. Rf3 Rc2+ 55. Kh3 Ke5 56. Rb3 Nf6 57. b5 g5 58. h5 1-0

[Event "Paracin 2018"]
[Site "Paracin, Hotel Petrus"]
[Date "2018.07.10"]
[Round "5.44"]
[White "Jocev, Milan"]
[Black "Ashid, Tsetseg-Ulzii"]
[Result "1/2-1/2"]
[WhiteElo "2256"]
[BlackElo "2055"]
[PlyCount "80"]
[EventDate "2018.07.06"]

1. Nf3 d5 2. d4 e6 3. c4 c6 4. Qc2 Nf6 5. g3 dxc4 6. Qxc4 b5 7. Qc2 Bb7 8. Bg2
Nbd7 9. O-O c5 10. Rd1 c4 11. b3 cxb3 12. Qxb3 a6 13. Nbd2 Be7 14. Bb2 O-O 15.
a4 b4 16. a5 Rc8 17. Qd3 h6 18. Ne1 Bxg2 19. Nxg2 Rc6 20. e4 Qc7 21. Ne3 Rd8
22. d5 exd5 23. exd5 Nc5 24. Qc4 Rcd6 25. Be5 Qb7 26. Qxc5 Rxd5 27. Qc7 Qxc7
28. Bxc7 Rxd2 29. Bxd8 Rxd8 30. Rxd8+ Bxd8 31. Nc4 g5 32. Ne5 Be7 33. Kg2 Ne4
34. Re1 Nc3 35. Nd3 Kf8 36. Kf3 b3 37. Rc1 Bf6 38. Ke3 Kg7 39. Kd2 Ne4+ 40. Ke3
Nc3 1/2-1/2

[Event "Paracin 2018"]
[Site "Paracin, Hotel Petrus"]
[Date "2018.07.10"]
[Round "5.45"]
[White "Bratkovic, Jakob"]
[Black "Toncheva, Nadya"]
[Result "1-0"]
[WhiteElo "2253"]
[BlackElo "1975"]
[PlyCount "75"]
[EventDate "2018.07.06"]

1. e4 c5 2. Nf3 Nc6 3. d4 cxd4 4. Nxd4 g6 5. c4 Bg7 6. Be3 Nf6 7. Nc3 O-O 8.
Be2 d6 9. O-O Bd7 10. Qd2 Nxd4 11. Bxd4 Bc6 12. f3 a5 13. h3 Nd7 14. Bf2 Nc5
15. Rab1 Qc7 16. a3 Rfc8 17. Bd1 h5 18. b4 axb4 19. axb4 Na4 20. Bxa4 Bxc3 21.
Qxc3 Bxa4 22. Rfc1 Bb5 23. c5 dxc5 24. bxc5 Bc6 25. Qe3 Ra2 26. Be1 Rca8 27.
Bc3 f6 28. e5 Kg7 29. Re1 Rc2 30. Ra1 Rxa1 31. Bxa1 Qd8 32. exf6+ exf6 33. Qg5
Kf7 34. Qh6 Qg8 35. Bxf6 Bd5 36. Qf4 Be6 37. Rxe6 Rc1+ 38. Qxc1 1-0

[Event "Paracin 2018"]
[Site "Paracin, Hotel Petrus"]
[Date "2018.07.10"]
[Round "5.46"]
[White "Sultan, Ibrahim"]
[Black "Arsovic, Zoran"]
[Result "0-1"]
[WhiteElo "2126"]
[BlackElo "2436"]
[PlyCount "84"]
[EventDate "2018.07.06"]

1. d4 Nf6 2. c4 g6 3. Nc3 Bg7 4. e4 d6 5. Nf3 O-O 6. Be2 c5 7. O-O Re8 8. Re1
cxd4 9. Nxd4 Nbd7 10. Be3 b6 11. Qd2 Bb7 12. f3 Rc8 13. Rac1 a6 14. Red1 Qc7
15. Nd5 Qb8 16. Bf1 Ba8 17. b4 e6 18. Nxf6+ Nxf6 19. Nb3 Bf8 20. c5 dxc5 21.
bxc5 b5 22. a4 bxa4 23. Na5 Red8 24. Qe1 Rxd1 25. Qxd1 Qb4 26. Bxa6 Rxc5 27.
Nc4 Rh5 28. Rb1 Qe7 29. Qxa4 Qc7 30. g3 Bc5 31. Qb3 Bxe3+ 32. Nxe3 Nd7 33. Bb5
Ne5 34. Kg2 g5 35. Ba4 Kg7 36. Qb8 Qc5 37. Nd5 Nd3 38. Qb6 exd5 39. e5 Qxb6 40.
Rxb6 Rh6 41. Rb8 Ra6 42. Bd7 Nxe5 0-1

[Event "Paracin 2018"]
[Site "Paracin, Hotel Petrus"]
[Date "2018.07.10"]
[Round "5.47"]
[White "Stanojevic, Ilija"]
[Black "Becker, Marcel"]
[Result "1-0"]
[WhiteElo "2120"]
[BlackElo "2330"]
[PlyCount "101"]
[EventDate "2018.07.06"]

1. d4 d5 2. c4 c6 3. Nc3 Nf6 4. Nf3 dxc4 5. a4 Bf5 6. Ne5 Nbd7 7. Nxc4 Nb6 8.
Ne5 a5 9. f3 Nfd7 10. Nxd7 Nxd7 11. e4 Bg6 12. f4 e6 13. Be2 Bb4 14. O-O Bxc3
15. bxc3 Bxe4 16. Ba3 c5 17. dxc5 Bc6 18. Bb5 Qc7 19. Rb1 O-O 20. Bxc6 Qxc6 21.
Rb5 Nf6 22. Rb6 Qc7 23. Qb3 Rab8 24. c6 bxc6 25. Rb1 Nd7 26. Rb7 Rxb7 27. Qxb7
Rc8 28. Bd6 Qd8 29. c4 Nf6 30. c5 Nd5 31. Re1 Qe8 32. f5 Rd8 33. fxe6 fxe6 34.
h3 h6 35. Kh2 Kh7 36. Qa7 Ra8 37. Qb7 Qc8 38. Qb1+ Kg8 39. Rf1 Qd7 40. Qg6 Re8
41. Be5 Re7 42. Rb1 Nb4 43. Bd6 Rf7 44. Re1 Rf6 45. Qg3 Qf7 46. Re4 Rg6 47. Qe1
Qf5 48. g4 Qd5 49. Rf4 h5 50. Rf8+ Kh7 51. Qe3 1-0

[Event "Paracin 2018"]
[Site "Paracin, Hotel Petrus"]
[Date "2018.07.10"]
[Round "5.48"]
[White "Radojkovic, Stefan"]
[Black "Kecskemeti, Arpad"]
[Result "1-0"]
[WhiteElo "2105"]
[BlackElo "2297"]
[PlyCount "63"]
[EventDate "2018.07.06"]

1. Nf3 Nf6 2. g3 g6 3. Bg2 Bg7 4. O-O O-O 5. d4 d6 6. Nc3 Nbd7 7. e4 c6 8. h3
e5 9. dxe5 dxe5 10. Be3 Qe7 11. Nd2 b5 12. Nb3 a5 13. a4 b4 14. Nb1 Rd8 15. Qc1
c5 16. N1d2 Bb7 17. c3 Rdc8 18. cxb4 cxb4 19. Qb1 Ne8 20. Rc1 Rxc1+ 21. Qxc1
Nd6 22. Qc7 Bf8 23. Rc1 Qe6 24. Nc5 Nxc5 25. Rxc5 Qa2 26. b3 Rc8 27. Qxa5 Rxc5
28. Qxc5 Nxe4 29. Qxe5 Nxd2 30. Bd4 f6 31. Qe6+ Kg7 32. Qxf6+ 1-0

[Event "Paracin 2018"]
[Site "Paracin, Hotel Petrus"]
[Date "2018.07.10"]
[Round "5.49"]
[White "Omorjan, Dejan"]
[Black "Cholleti, Sahajasri"]
[Result "1-0"]
[WhiteElo "2292"]
[BlackElo "2169"]
[PlyCount "69"]
[EventDate "2018.07.06"]

1. d4 Nf6 2. c4 e6 3. Nf3 d5 4. Nc3 Bb4 5. cxd5 exd5 6. Bg5 h6 7. Bxf6 Qxf6 8.
Qa4+ Nc6 9. e3 O-O 10. Be2 Be6 11. O-O a6 12. Qc2 Rfd8 13. a3 Bf8 14. b4 Bf5
15. Qb3 Qe6 16. Rac1 Ne7 17. Na4 b5 18. Nc5 Qb6 19. Ne5 Ng6 20. f4 Nxe5 21.
fxe5 Qg6 22. Nd3 Be4 23. Nf4 Qb6 24. Bf3 Bxf3 25. Rxf3 a5 26. Rcf1 axb4 27.
axb4 Qc6 28. Nh5 Rd7 29. Qb1 Qc3 30. Qf5 Re7 31. Nf6+ gxf6 32. Rg3+ Kh8 33.
Qxf6+ Kh7 34. Qf5+ Kh8 35. Qg4 1-0

[Event "Paracin 2018"]
[Site "Paracin, Hotel Petrus"]
[Date "2018.07.10"]
[Round "5.50"]
[White "Martic, Zlatko"]
[Black "Djokic, Slavoljub"]
[Result "0-1"]
[WhiteElo "2264"]
[BlackElo "2118"]
[PlyCount "78"]
[EventDate "2018.07.06"]

1. d4 c5 2. d5 Nf6 3. c4 b5 4. cxb5 a6 5. bxa6 Bxa6 6. Nc3 g6 7. g3 Bg7 8. Bg2
d6 9. Qc2 O-O 10. Rb1 Qa5 11. Bd2 Rc8 12. b3 Nbd7 13. Nh3 Rab8 14. O-O c4 15.
Na4 Qb5 16. Nc3 cxb3 17. Rxb3 Qxe2 18. Rxb8 Nxb8 19. Rb1 Bd3 20. Nxe2 Bxc2 21.
Rb7 Nfd7 22. Nhf4 Bd1 23. Bh3 f5 24. Nc1 Ne5 25. Be3 Nbd7 26. Ncd3 Bf6 27. Rb1
Bf3 28. Bg2 Bxg2 29. Kxg2 Ng4 30. Nb4 Nxe3+ 31. fxe3 Rc3 32. Re1 Nc5 33. Re2
Kf7 34. h4 h6 35. Kf2 g5 36. hxg5 hxg5 37. Ng2 Be5 38. g4 fxg4 39. Rc2 Nd3+ 0-1

[Event "Paracin 2018"]
[Site "Paracin, Hotel Petrus"]
[Date "2018.07.10"]
[Round "5.51"]
[White "Saksham, Rautela"]
[Black "Mitev, Valentin"]
[Result "0-1"]
[WhiteElo "2064"]
[BlackElo "2242"]
[PlyCount "99"]
[EventDate "2018.07.06"]

1. e4 c5 2. Nf3 d6 3. Bb5+ Bd7 4. Bxd7+ Qxd7 5. c4 Nf6 6. Nc3 Nc6 7. d4 cxd4 8.
Nxd4 g6 9. f3 Bg7 10. Be3 O-O 11. O-O a6 12. a4 Qc7 13. Nde2 Rfc8 14. Rc1 Qa5
15. Kh1 Nd7 16. Nd5 e6 17. b4 Qd8 18. Ndf4 Nxb4 19. Qxd6 Bf8 20. Qd1 Nc5 21.
Bd4 Qc7 22. Bxc5 Qxc5 23. Nd3 Qe3 24. Nxb4 Bxb4 25. Ng3 Rd8 26. Qe2 Qxe2 27.
Nxe2 Rd2 28. Ng3 f6 29. c5 Rc8 30. Rc4 a5 31. Rfc1 Ba3 32. Rb1 Rxc5 33. Rxc5
Bxc5 34. h4 b6 35. h5 Kg7 36. hxg6 hxg6 37. f4 Rd8 38. Nf1 Rh8+ 39. Nh2 g5 40.
g3 gxf4 41. gxf4 Rh4 42. Rf1 Be3 43. Kg2 Bxf4 44. Nf3 Rg4+ 45. Kh3 f5 46. exf5
exf5 47. Nd4 Kf6 48. Rb1 Bc7 49. Nb5 Be5 50. Na7 0-1

[Event "Paracin 2018"]
[Site "Paracin, Hotel Petrus"]
[Date "2018.07.10"]
[Round "5.52"]
[White "Sahin, Ozgun"]
[Black "Shoboev, Dandar"]
[Result "0-1"]
[WhiteElo "2231"]
[BlackElo "2086"]
[PlyCount "39"]
[EventDate "2018.07.06"]

1. e4 e5 2. Nf3 Nc6 3. Bc4 Nf6 4. d4 exd4 5. e5 d5 6. Bb5 Ne4 7. Nxd4 Bd7 8.
Bxc6 bxc6 9. O-O Be7 10. f3 Nc5 11. f4 f6 12. f5 O-O 13. e6 Be8 14. Qg4 Bd6 15.
Nc3 Rb8 16. a3 Be5 17. Be3 Rxb2 18. Nxc6 Bxc6 19. Bxc5 Re8 20. Qh5 0-1